Giáo trình hóa lí

Đã lưu trong:
書目詳細資料
主要作者: Nguyễn, Đình Huề
格式: 圖書
語言:Undetermined
出版: Hà Nội Giáo dục 2003
主題:
標簽: 添加標簽
沒有標簽, 成為第一個標記此記錄!
Thư viện lưu trữ: Trung tâm Học liệu Trường Đại học Cần Thơ
LEADER 00533nam a2200193Ia 4500
001 CTU_94009
008 210402s9999 xx 000 0 und d
020 |c 8500 
082 |a 541.3 
082 |b H507/T.1 
100 |a Nguyễn, Đình Huề 
245 0 |a Giáo trình hóa lí 
245 0 |c Nguyễn Đình Huề 
260 |a Hà Nội 
260 |b Giáo dục 
260 |c 2003 
650 |a Chemistry, physical and theoretical 
904 |i Truc 
980 |a Trung tâm Học liệu Trường Đại học Cần Thơ